[Event "26. Erfurter Schachfestival 2016 - HT"]
[Site "Erfurt"]
[Date "2016.12.26"]
[Round "1.2"]
[White "Heinzel, Peter"]
[Black "Schmidt, Deniz"]
[Result "0-1"]
[WhiteElo "2062"]
[BlackElo "1767"]
[PlyCount "48"]
[EventDate "2016.12.26"]
[EventCountry "GER"]

1. b4 d5 2. Bb2 Bf5 3. e3 e6 4. Nf3 Nf6 5. a3 Be7 6. d3 O-O 7. Nbd2 Nbd7 8. d4
b6 9. c4 dxc4 10. Bxc4 c5 11. bxc5 bxc5 12. O-O Rb8 13. Bc3 Nb6 14. Ba5 Qc8 15.
Be2 cxd4 16. Nxd4 Bg6 17. Qc1 Qd7 18. Bf3 Nbd5 19. Qc6 Rfc8 20. Qxd7 Nxd7 21.
Bxd5 exd5 22. Bb4 Bf6 23. Rfc1 h6 24. Nc6 Rxc6 0-1

[Event "26. Erfurter Schachfestival 2016 - HT"]
[Site "Erfurt"]
[Date "2016.12.26"]
[Round "1.3"]
[White "Nguyen, Ha Thanh"]
[Black "Ritter, Uwe"]
[Result "0-1"]
[WhiteElo "1766"]
[BlackElo "2035"]
[PlyCount "56"]
[EventDate "2016.12.26"]
[EventCountry "GER"]

1. e4 c5 2. Nf3 Nc6 3. d4 cxd4 4. Nxd4 g6 5. Nc3 Bg7 6. Be3 Nf6 7. Bc4 O-O 8.
Bb3 a5 9. f3 a4 10. Nxc6 bxc6 11. Bxa4 Nxe4 12. Nxe4 Rxa4 13. c3 Qa5 14. a3 d5
15. Nd2 d4 16. cxd4 Bxd4 17. Bxd4 Rxd4 18. b4 Qg5 19. Qe2 Ba6 20. Ne4 Qe5 21.
Qxa6 Rxe4+ 22. Kf2 Qb2+ 23. Kg3 Re2 24. Qd3 Rxg2+ 25. Kh3 Rg5 26. Qf1 Rh5+ 27.
Kg3 Qe5+ 28. Kg2 Rg5+ 0-1

[Event "26. Erfurter Schachfestival 2016 - HT"]
[Site "Erfurt"]
[Date "2016.12.26"]
[Round "1.4"]
[White "Haugk, Franko"]
[Black "Felber, Gerald"]
[Result "1-0"]
[WhiteElo "2026"]
[BlackElo "1763"]
[PlyCount "103"]
[EventDate "2016.12.26"]
[EventCountry "GER"]

1. e4 c5 2. Nc3 e6 3. Nf3 Nc6 4. g3 d5 5. Bg2 Nf6 6. exd5 Nxd5 7. O-O Be7 8.
Ne2 O-O 9. d3 Bf6 10. c3 b5 11. a4 b4 12. c4 Nb6 13. a5 Nd7 14. Nfd4 cxd4 15.
Bxc6 Rb8 16. Nf4 Bb7 17. Bxb7 Rxb7 18. b3 Ne5 19. Ng2 a6 20. Ra4 Nc6 21. Bd2
Be7 22. Qf3 Qd7 23. Rfa1 Rc8 24. Ne1 e5 25. Qe2 f6 26. Nc2 Qf5 27. f4 Rd8 28.
g4 Qd7 29. Rf1 e4 30. Qxe4 Qxg4+ 31. Kh1 Qd7 32. Rg1 Re8 33. Qd5+ Qxd5+ 34.
cxd5 Nb8 35. Re1 Kf7 36. Nxd4 Rd7 37. Ne6 Rc8 38. Bxb4 Bxb4 39. Rxb4 Rxd5 40.
d4 Nd7 41. Rb7 Re8 42. f5 g6 43. Rf1 gxf5 44. Nc7 Rxd4 45. Nxe8 Kxe8 46. Rxf5
Kf7 47. b4 Kg6 48. Rf1 Rd2 49. b5 axb5 50. a6 Nc5 51. Ra1 Nxa6 52. Rxa6 1-0

[Event "26. Erfurter Schachfestival 2016 - HT"]
[Site "Erfurt"]
[Date "2016.12.26"]
[Round "1.5"]
[White "Völler, Lothar"]
[Black "Siebarth, Marco"]
[Result "0-1"]
[WhiteElo "1763"]
[BlackElo "2024"]
[PlyCount "103"]
[EventDate "2016.12.26"]
[EventCountry "GER"]

1. c4 c6 2. Nc3 Nf6 3. Nf3 d5 4. cxd5 cxd5 5. d4 e6 6. e3 Be7 7. Bb5+ Nbd7 8.
O-O O-O 9. a3 Ne4 10. Ne2 a6 11. Bxd7 Bxd7 12. Ng3 Bb5 13. Re1 a5 14. Nd2 f5
15. Ndxe4 fxe4 16. Bd2 Qb6 17. Qg4 Bd7 18. Bc3 Rf7 19. Reb1 Raf8 20. Be1 a4 21.
Qd1 Qa6 22. b4 Bb5 23. Rc1 Bc4 24. Rc3 Bd6 25. Rac1 b5 26. Qg4 Rf6 27. h4 Rg6
28. Qh3 Bxg3 29. fxg3 Rf1+ 30. Kh2 h5 31. Bd2 Rf2 32. Be1 Rf5 33. R1c2 Qd6 34.
Rf2 Rxf2 35. Bxf2 Be2 36. Kg1 Bg4 37. Qh1 Rf6 38. Rc2 Rf7 39. Kh2 g5 40. hxg5
e5 41. dxe5 Qxe5 42. Qe1 h4 43. Kg1 h3 44. Qc3 Qxc3 45. Rxc3 h2+ 46. Kxh2 Rxf2
47. Rc5 d4 48. exd4 e3 49. Kg1 Rd2 50. d5 Rd1+ 51. Kh2 e2 52. Rc8+ 0-1

[Event "26. Erfurter Schachfestival 2016 - HT"]
[Site "Erfurt"]
[Date "2016.12.26"]
[Round "1.6"]
[White "Schönrock, Rüdiger"]
[Black "Auerswald, Klaus"]
[Result "1-0"]
[WhiteElo "2022"]
[BlackElo "1760"]
[PlyCount "41"]
[EventDate "2016.12.26"]
[EventCountry "GER"]

1. e4 e5 2. Nf3 d5 3. exd5 e4 4. Ne5 Qxd5 5. d4 exd3 6. Nxd3 Nf6 7. Nc3 Qd8 8.
Bf4 Bd6 9. Qe2+ Be6 10. O-O-O O-O 11. Nb5 Nc6 12. Nxd6 cxd6 13. Nc5 Bxa2 14.
Bxd6 Re8 15. Qb5 Nd5 16. Nxb7 Qg5+ 17. f4 Qf5 18. Qxc6 Nxf4 19. Qb5 Qf6 20. Qa4
Bd5 21. Qxf4 1-0

[Event "26. Erfurter Schachfestival 2016 - HT"]
[Site "Erfurt"]
[Date "2016.12.26"]
[Round "1.7"]
[White "Haag, Wadim"]
[Black "Werner, Justus"]
[Result "0-1"]
[WhiteElo "1760"]
[BlackElo "1974"]
[PlyCount "84"]
[EventDate "2016.12.26"]
[EventCountry "GER"]

1. d4 Nf6 2. c4 e6 3. Nf3 d5 4. g3 Be7 5. Bg2 O-O 6. O-O Nbd7 7. Qc2 b6 8. Rd1
Bb7 9. Bf4 Rc8 10. Nc3 c5 11. cxd5 Nxd5 12. Nxd5 Bxd5 13. Qa4 Nf6 14. dxc5 Bxc5
15. e3 Qe7 16. Be5 Rfd8 17. Qh4 Ne4 18. Qxe7 Bxe7 19. Nd2 Nf6 20. Bc3 Bxg2 21.
Kxg2 Nd5 22. Rac1 Nxc3 23. Rxc3 Rxc3 24. bxc3 Bf6 25. Kf3 Bxc3 26. Ke2 Rxd2+
27. Rxd2 Bxd2 28. Kxd2 Kf8 29. Kc3 Ke7 30. Kc4 a6 31. f4 Kd6 32. e4 Kc6 33. g4
f6 34. h4 e5 35. f5 b5+ 36. Kb4 Kb6 37. g5 a5+ 38. Kc3 Kc5 39. Kd3 b4 40. Kc2
a4 41. Kb2 Kd4 42. h5 h6 0-1

[Event "26. Erfurter Schachfestival 2016 - HT"]
[Site "Erfurt"]
[Date "2016.12.26"]
[Round "1.8"]
[White "Minor, Viatcheslav"]
[Black "Möller, Frank (ESK)"]
[Result "1-0"]
[WhiteElo "1962"]
[BlackElo "1759"]
[PlyCount "95"]
[EventDate "2016.12.26"]
[EventCountry "GER"]

1. e4 e6 2. d3 d5 3. Nd2 Nf6 4. Ngf3 c5 5. g3 Nc6 6. Bg2 Be7 7. O-O O-O 8. Re1
dxe4 9. dxe4 e5 10. c3 Qc7 11. Qc2 h6 12. Nc4 Be6 13. Ne3 Rad8 14. Nh4 Rfe8 15.
Nhf5 Bf8 16. Qe2 Ne7 17. Qf3 Nh7 18. h4 g6 19. Nxe7+ Qxe7 20. Nd5 Bxd5 21. exd5
Bg7 22. c4 f5 23. Qb3 b6 24. a4 g5 25. hxg5 hxg5 26. a5 Rd6 27. axb6 Rxb6 28.
Qa3 e4 29. Qxa7 Qxa7 30. Rxa7 Bxb2 31. Bxb2 Rxb2 32. g4 Rc2 33. gxf5 Rxc4 34.
Ra6 Re5 35. Re6 Rxd5 36. Bxe4 Rd8 37. Bb1 Rcd4 38. Ba2 Kf8 39. Rh6 Rh4 40. Rc6
Rg4+ 41. Kh1 Ra4 42. Bb3 Rb4 43. Re3 Rdb8 44. Bd5 Rf4 45. Rg6 Rb1+ 46. Kg2 Rg4+
47. Kf3 Rf4+ 48. Kg3 1-0

[Event "26. Erfurter Schachfestival 2016 - HT"]
[Site "Erfurt"]
[Date "2016.12.26"]
[Round "1.9"]
[White "Popist, Florian"]
[Black "Causevic, Ismet"]
[Result "1-0"]
[WhiteElo "1748"]
[BlackElo "1959"]
[PlyCount "69"]
[EventDate "2016.12.26"]
[EventCountry "GER"]

1. e4 c5 2. Nf3 e6 3. d4 cxd4 4. Nxd4 Nf6 5. Nc3 d6 6. Be3 a6 7. Be2 Be7 8. O-O
O-O 9. f4 Qc7 10. Bf3 Nbd7 11. Qe2 Rb8 12. a4 b6 13. Kh1 Bb7 14. Rg1 g6 15.
Rad1 Rfe8 16. f5 e5 17. Nb3 Rbd8 18. g4 Nf8 19. g5 N6d7 20. f6 Bxf6 21. gxf6
Nxf6 22. Bg5 N8d7 23. Bg4 Rb8 24. Bxd7 Nxd7 25. Nd5 Bxd5 26. Rxd5 Re6 27. Rgd1
Nf6 28. Bxf6 Rxf6 29. c3 Qe7 30. Rf1 Rd8 31. Qxa6 Rxf1+ 32. Qxf1 Qh4 33. Nd2 g5
34. Qg1 h5 35. Qg3 1-0

[Event "26. Erfurter Schachfestival 2016 - HT"]
[Site "Erfurt"]
[Date "2016.12.26"]
[Round "1.10"]
[White "Budde, Michael"]
[Black "Schmidt, Daniel (Priestewitz"]
[Result "0-1"]
[WhiteElo "1953"]
[BlackElo "1747"]
[PlyCount "84"]
[EventDate "2016.12.26"]
[EventCountry "GER"]

1. d4 d5 2. Bf4 c5 3. e3 Qb6 4. Nc3 Nf6 5. Rb1 Bf5 6. Nf3 e6 7. Bxb8 Rxb8 8.
Bb5+ Nd7 9. Ne5 Rd8 10. O-O cxd4 11. exd4 Bd6 12. Nxd7 Rxd7 13. Bxd7+ Kxd7 14.
a3 Qc7 15. h3 a6 16. Qf3 Qc4 17. g4 Bg6 18. Rbd1 h5 19. g5 h4 20. b3 Qc7 21.
Nxd5 exd5 22. Qxd5 Qc6 23. Qxc6+ bxc6 24. d5 c5 25. Rd2 Bf4 26. Re2 Rh5 27. Rd1
Rxg5+ 28. Kf1 Bh5 29. c4 Bxe2+ 30. Kxe2 Bd6 31. Rb1 a5 32. Kd3 Rg2 33. f3 Rg3
34. Ke4 g6 35. b4 f5+ 36. Ke3 cxb4 37. axb4 axb4 38. Ra1 Bc5+ 39. Ke2 Rxh3 40.
Ra5 b3 41. Rxc5 b2 42. Rb5 Rh1 0-1

[Event "26. Erfurter Schachfestival 2016 - HT"]
[Site "Erfurt"]
[Date "2016.12.27"]
[Round "2.1"]
[White "Prüsse, Horst"]
[Black "Opasiak, Dustin Tennessee"]
[Result "1-0"]
[WhiteElo "2078"]
[BlackElo "1823"]
[PlyCount "49"]
[EventDate "2016.12.26"]
[EventCountry "GER"]

1. e4 e6 2. d4 d5 3. Nc3 Nf6 4. Bg5 Bb4 5. e5 h6 6. exf6 hxg5 7. fxg7 Rg8 8. h4
Qf6 9. h5 Qxg7 10. Nf3 c5 11. Ne5 Bd7 12. h6 Qf6 13. a3 Bxc3+ 14. bxc3 c4 15.
Rh3 Nc6 16. h7 Rf8 17. Qh5 Qh8 18. Qxg5 Nxe5 19. dxe5 Ba4 20. O-O-O Rc8 21. Rh4
Bb5 22. g3 f6 23. exf6 Kf7 24. Be2 a5 25. Bh5# 1-0

[Event "26. Erfurter Schachfestival 2016 - HT"]
[Site "Erfurt"]
[Date "2016.12.27"]
[Round "2.2"]
[White "Ritter, Uwe"]
[Black "Schimmer, Michael"]
[Result "1-0"]
[WhiteElo "2035"]
[BlackElo "1822"]
[PlyCount "39"]
[EventDate "2016.12.26"]
[EventCountry "GER"]

1. e4 d6 2. d4 Nf6 3. Nc3 g6 4. f4 Bg7 5. Nf3 c5 6. dxc5 Qa5 7. Qd4 Nc6 8. Bb5
O-O 9. Qa4 Qxa4 10. Bxa4 dxc5 11. e5 Nd7 12. Nd5 e6 13. Bxc6 exd5 14. Bxd5 Nb6
15. Be4 f5 16. Bd3 c4 17. Be2 Be6 18. Be3 Bd5 19. O-O-O Bxf3 20. Bxf3 1-0

[Event "26. Erfurter Schachfestival 2016 - HT"]
[Site "Erfurt"]
[Date "2016.12.27"]
[Round "2.3"]
[White "Theer, Tino"]
[Black "Haugk, Franko"]
[Result "1/2-1/2"]
[WhiteElo "1808"]
[BlackElo "2026"]
[PlyCount "74"]
[EventDate "2016.12.26"]
[EventCountry "GER"]

1. d4 Nf6 2. c4 e6 3. Nc3 d5 4. Bg5 c6 5. e3 Nbd7 6. Nf3 Qa5 7. Qc2 Ne4 8. Bf4
Bb4 9. Rc1 Qxa2 10. Bd3 Bxc3+ 11. bxc3 Qxc2 12. Rxc2 Nef6 13. Bd6 dxc4 14. Bxc4
Ne4 15. Ba3 h6 16. h4 Nb6 17. Bd3 Nf6 18. O-O Ng4 19. Rd1 f5 20. c4 Kf7 21. e4
Rd8 22. Re2 g6 23. h5 Bd7 24. e5 g5 25. Ne1 Be8 26. f3 Nf6 27. exf6 Kxf6 28.
Red2 Bxh5 29. Bf1 Na4 30. Rc1 c5 31. d5 exd5 32. Rxd5 Bf7 33. Rdd1 Rac8 34. Nd3
b6 35. Nb2 Be8 36. Nxa4 Bxa4 37. Bb2+ Kf7 1/2-1/2

[Event "26. Erfurter Schachfestival 2016 - HT"]
[Site "Erfurt"]
[Date "2016.12.27"]
[Round "2.4"]
[White "Siebarth, Marco"]
[Black "Reucker, Friedrich"]
[Result "1-0"]
[WhiteElo "2024"]
[BlackElo "1798"]
[PlyCount "51"]
[EventDate "2016.12.26"]
[EventCountry "GER"]

1. e4 c5 2. Nf3 d6 3. d4 cxd4 4. Nxd4 Nf6 5. Nc3 a6 6. g3 e5 7. Nde2 Be6 8. Bg2
Be7 9. O-O O-O 10. h3 Qd7 11. Kh2 Nc6 12. Be3 h5 13. Qd2 Na5 14. b3 b5 15. f4
b4 16. Na4 Qb5 17. Nb6 Rab8 18. f5 Bd7 19. c4 bxc3 20. Nxc3 Qc6 21. Ncd5 Bd8
22. Rac1 Qb7 23. Nxf6+ gxf6 24. Nxd7 Qxd7 25. Rfd1 Bc7 26. Qe2 1-0

[Event "26. Erfurter Schachfestival 2016 - HT"]
[Site "Erfurt"]
[Date "2016.12.27"]
[Round "2.5"]
[White "Wähner, Manuel"]
[Black "Schönrock, Rüdiger"]
[Result "1/2-1/2"]
[WhiteElo "1793"]
[BlackElo "2022"]
[PlyCount "82"]
[EventDate "2016.12.26"]
[EventCountry "GER"]

1. d4 d5 2. c4 c6 3. Nf3 Nf6 4. Nc3 dxc4 5. a4 Na6 6. e3 Be6 7. Ne5 c5 8. Nxc4
cxd4 9. exd4 Nb4 10. Na3 g6 11. Be2 Bg7 12. O-O O-O 13. Be3 Rc8 14. Qd2 Nfd5
15. Rac1 f5 16. Nxd5 Nxd5 17. Rxc8 Qxc8 18. Bh6 Bxh6 19. Qxh6 Nf6 20. Rc1 Qd7
21. Bc4 Bxc4 22. Rxc4 Rc8 23. Qc1 Rxc4 24. Qxc4+ Qd5 25. Qxd5+ Nxd5 26. Nc2 Kf7
27. Kf1 Ke6 28. g3 Nf6 29. f3 Kd5 30. b3 Nd7 31. Ke2 e5 32. dxe5 Nxe5 33. Ke3
Kc5 34. Kf4 Kd5 35. Ke3 h6 36. Nd4 Kc5 37. Nc2 a5 38. Ke2 Nc6 39. Ke3 Nb4 40.
Ne1 Nd5+ 41. Kd3 Kb4 1/2-1/2

[Event "26. Erfurter Schachfestival 2016 - HT"]
[Site "Erfurt"]
[Date "2016.12.27"]
[Round "2.6"]
[White "Werner, Justus"]
[Black "Sikorra, Philipp"]
[Result "1-0"]
[WhiteElo "1974"]
[BlackElo "1791"]
[PlyCount "114"]
[EventDate "2016.12.26"]
[EventCountry "GER"]

1. d4 Nf6 2. c4 g6 3. g3 Bg7 4. Bg2 O-O 5. Nc3 d6 6. e3 c6 7. Nge2 Na6 8. O-O
Nh5 9. b3 f5 10. Ba3 Re8 11. d5 c5 12. Bb2 Nc7 13. Qd2 Bd7 14. e4 Rf8 15. Rae1
Nf6 16. Nf4 Bh6 17. Qe2 Bxf4 18. gxf4 fxe4 19. Nxe4 Bf5 20. Ng3 e6 21. dxe6
Bxe6 22. Bxb7 Bh3 23. Bg2 Bxg2 24. Kxg2 Re8 25. Qd2 Rxe1 26. Rxe1 Qf8 27. Qc3
Re8 28. f5 Rxe1 29. Qxe1 Nce8 30. Qe6+ Qf7 31. Qxf7+ Kxf7 32. fxg6+ hxg6 33.
Kf3 Ke6 34. Kf4 Kf7 35. Ne4 Nxe4 36. Kxe4 Ke6 37. Kf4 Kf7 38. Bc3 Nc7 39. Ke4
Ke6 40. Bb2 d5+ 41. Kd3 Kf5 42. cxd5 Nxd5 43. Kc4 Nf4 44. Ba3 Ne6 45. Bxc5 Nxc5
46. Kxc5 g5 47. b4 g4 48. b5 Kf4 49. a4 Kf3 50. a5 Kxf2 51. b6 axb6+ 52. axb6
Kg2 53. b7 Kxh2 54. b8=Q+ g3 55. Kd4 Kh1 56. Qh8+ Kg1 57. Ke3 g2 1-0

[Event "26. Erfurter Schachfestival 2016 - HT"]
[Site "Erfurt"]
[Date "2016.12.27"]
[Round "2.7"]
[White "Apelt, Andreas"]
[Black "Minor, Viatcheslav"]
[Result "1/2-1/2"]
[WhiteElo "1790"]
[BlackElo "1962"]
[PlyCount "94"]
[EventDate "2016.12.26"]
[EventCountry "GER"]

1. d4 Nf6 2. c4 e5 3. dxe5 Ng4 4. e4 Nc6 5. Qxg4 d5 6. Qd1 Bb4+ 7. Bd2 dxe4 8.
Nc3 Bf5 9. a3 Be7 10. f4 exf3 11. Nxf3 O-O 12. Be2 Nd4 13. O-O Nxf3+ 14. Rxf3
Qd4+ 15. Kh1 Be6 16. Nd5 Bxd5 17. cxd5 Qxd5 18. Bc3 Qe6 19. Qf1 Bc5 20. Rd1 c6
21. Rh3 b5 22. b4 Be7 23. Bd3 g6 24. Qf4 h5 25. Qe4 Rfd8 26. Be2 Rxd1+ 27. Bxd1
Rd8 28. Bc2 Kf8 29. Rd3 Rc8 30. Bd2 c5 31. bxc5 Rxc5 32. Bb3 Qxe5 33. Bh6+ Kg8
34. Qxe5 Rxe5 35. Re3 Rxe3 36. Bxe3 Bxa3 37. Bxa7 Bb2 38. Kg1 Kg7 39. Kf2 g5
40. g3 Kg6 41. Bc2+ Kf6 42. Kf3 Ke5 43. Be3 f6 44. Bb3 Bc3 45. Bb6 b4 46. Ke3
f5 47. Bc7+ Kf6 1/2-1/2

[Event "26. Erfurter Schachfestival 2016 - HT"]
[Site "Erfurt"]
[Date "2016.12.27"]
[Round "2.8"]
[White "Homberger, Jan"]
[Black "Schwarz, Hilmar"]
[Result "0-1"]
[WhiteElo "1789"]
[BlackElo "1933"]
[PlyCount "52"]
[EventDate "2016.12.26"]
[EventCountry "GER"]

1. e4 e5 2. Nf3 Nc6 3. Nc3 g6 4. Bc4 Bg7 5. d3 Nf6 6. Bg5 h6 7. Bxf6 Bxf6 8.
Nd5 Bg7 9. Qd2 d6 10. h3 Ne7 11. O-O-O Nxd5 12. Bxd5 O-O 13. Nh2 c6 14. Bb3 d5
15. Qe3 a5 16. a4 Be6 17. Qg3 Qe7 18. Ng4 d4 19. Bxe6 Qxe6 20. f4 exf4 21. Qxf4
h5 22. Nf2 f5 23. Kb1 fxe4 24. Qxe4 Qf7 25. Rd2 Bh6 26. Rdd1 Rae8 0-1

[Event "26. Erfurter Schachfestival 2016 - HT"]
[Site "Erfurt"]
[Date "2016.12.27"]
[Round "2.9"]
[White "Woost, Thomas"]
[Black "Schaefer, Matthes"]
[Result "1/2-1/2"]
[WhiteElo "1933"]
[BlackElo "1786"]
[PlyCount "104"]
[EventDate "2016.12.26"]
[EventCountry "GER"]

1. e4 e6 2. d4 d5 3. exd5 exd5 4. Nf3 Nf6 5. Be2 Nc6 6. O-O Be7 7. Bf4 O-O 8.
Nc3 Bf5 9. Re1 a6 10. a3 Re8 11. Ne5 Bd6 12. Bf3 Ne7 13. Bg5 c6 14. Bxf6 gxf6
15. Ng4 Bxg4 16. Bxg4 Qc7 17. h3 Ng6 18. Qf3 Kg7 19. Bf5 Rxe1+ 20. Rxe1 Qb6 21.
Qg4 Qxb2 22. Nd1 Qxa3 23. h4 h5 24. Qe2 Qa5 25. Kf1 Bb4 26. c3 Bxc3 27. Nxc3
Qxc3 28. Bxg6 Kxg6 29. Kg1 Qxd4 30. Rd1 Qe5 31. Qc2+ Kg7 32. Rd3 Qe1+ 33. Kh2
Qe5+ 34. Rg3+ Kh8 35. Qd2 Kh7 36. Qc2+ Qe4 37. Qd1 Qf5 38. Rf3 Qe5+ 39. Kg1 Rg8
40. Re3 Qf5 41. Rf3 Qg4 42. Qd3+ Qe4 43. Qd1 b5 44. Kh2 d4 45. g3 c5 46. Rxf6
Qd5 47. Qd3+ Rg6 48. Rf5 Qc4 49. Rxh5+ Kg7 50. Qf5 Qe2 51. Kg2 d3 52. Qxc5 Qe4+
1/2-1/2

[Event "26. Erfurter Schachfestival 2016 - HT"]
[Site "Erfurt"]
[Date "2016.12.27"]
[Round "2.10"]
[White "Schröter, Maik"]
[Black "Siegl, Detlef"]
[Result "1/2-1/2"]
[WhiteElo "1910"]
[BlackElo "1784"]
[PlyCount "43"]
[EventDate "2016.12.26"]
[EventCountry "GER"]

1. e4 c5 2. Nc3 Nc6 3. Nge2 g6 4. g3 Bg7 5. Bg2 Nf6 6. O-O O-O 7. d3 d6 8. h3
Bd7 9. Be3 e5 10. Qc1 Be6 11. g4 Ne8 12. Ng3 Nc7 13. Nce2 Nd4 14. Nxd4 cxd4 15.
Bh6 Bd7 16. Bxg7 Kxg7 17. f4 Qh4 18. Qe1 Kh8 19. f5 f6 20. Kh2 Bc6 21. Qd2 Kg7
22. Qf2 1/2-1/2

[Event "26. Erfurter Schachfestival 2016 - HT"]
[Site "Erfurt"]
[Date "2016.12.27"]
[Round "3.1"]
[White "Kuznecovs, Nikita"]
[Black "Prüsse, Horst"]
[Result "1-0"]
[WhiteElo "1884"]
[BlackElo "2078"]
[PlyCount "53"]
[EventDate "2016.12.26"]
[EventCountry "GER"]

1. b3 e5 2. Bb2 Nc6 3. e3 Nf6 4. Bb5 d6 5. d4 Bd7 6. dxe5 Nxe5 7. Be2 Bc6 8.
Nf3 Qe7 9. Nbd2 Ne4 10. Nd4 d5 11. Nxe4 dxe4 12. Nxc6 Nxc6 13. O-O Qg5 14. f4
Qc5 15. Bc4 Qxe3+ 16. Kh1 Rd8 17. Qh5 g6 18. Qb5 Rg8 19. Bxf7+ Kxf7 20. Qc4+
Ke8 21. Rae1 Qd2 22. Rxe4+ Ne7 23. Qxg8 Qxc2 24. Rxe7+ Kxe7 25. Re1+ Kd6 26.
Qe6+ Kc5 27. Re5+ 1-0

[Event "26. Erfurter Schachfestival 2016 - HT"]
[Site "Erfurt"]
[Date "2016.12.27"]
[Round "3.2"]
[White "Werner, Sebastian"]
[Black "Ritter, Uwe"]
[Result "1/2-1/2"]
[WhiteElo "1881"]
[BlackElo "2035"]
[PlyCount "120"]
[EventDate "2016.12.26"]
[EventCountry "GER"]

1. e4 c5 2. Nc3 Nc6 3. g3 g6 4. Bg2 Bg7 5. Nge2 e5 6. O-O Nge7 7. d3 O-O 8. Bg5
f6 9. Be3 d6 10. f4 Nd4 11. Nd5 Nxd5 12. exd5 Bg4 13. Bxd4 cxd4 14. h3 Bd7 15.
g4 Qb6 16. b3 Rac8 17. Qd2 Qc5 18. Rac1 f5 19. fxe5 dxe5 20. gxf5 gxf5 21. Kh1
Qd6 22. Ng1 Bh6 23. Qf2 Bxc1 24. Rxc1 e4 25. dxe4 fxe4 26. Qxd4 Qf4 27. Rf1 Qh4
28. Qxe4 Qxe4 29. Rxf8+ Rxf8 30. Bxe4 Rf2 31. Nf3 Bxh3 32. d6 Kf8 33. Ng5 Bg4
34. Bxb7 Rxc2 35. Nxh7+ Kg7 36. Ng5 Kf6 37. Ne4+ Ke5 38. Kg1 Bf3 39. d7 Rg2+
40. Kf1 Rg8 41. Nc5 Kd6 42. Bxf3 Kxc5 43. Be2 Kc6 44. Bc4 Rf8+ 45. Ke2 Kxd7 46.
a4 Kd6 47. Kd2 Kc5 48. Kc2 Kb4 49. Kd3 Rf2 50. Ke3 Rh2 51. Kd3 a5 52. Kd4 Rd2+
53. Ke3 Kc3 54. Ke4 Rd7 55. Ke3 Re7+ 56. Kf4 Re8 57. Kf3 Kd4 58. Kf2 Re3 59.
Bf7 Kd3 60. Bc4+ Kd2 1/2-1/2

[Event "26. Erfurter Schachfestival 2016 - HT"]
[Site "Erfurt"]
[Date "2016.12.27"]
[Round "3.3"]
[White "Mann, Jonas"]
[Black "Siebarth, Marco"]
[Result "1/2-1/2"]
[WhiteElo "1858"]
[BlackElo "2024"]
[PlyCount "114"]
[EventDate "2016.12.26"]
[EventCountry "GER"]

1. c4 c6 2. g3 Nf6 3. Bg2 e6 4. Nf3 Be7 5. O-O d5 6. d4 O-O 7. Nbd2 Nbd7 8. b3
b6 9. Bb2 Bb7 10. Rc1 Rc8 11. Ne5 Nxe5 12. dxe5 Nd7 13. e4 dxc4 14. Nxc4 Ba6
15. Qc2 Qc7 16. f4 Rfd8 17. Rfd1 Bxc4 18. Qxc4 Bc5+ 19. Kh1 Nf8 20. Qe2 Rxd1+
21. Rxd1 Rd8 22. Bf1 Rd7 23. Rxd7 Qxd7 24. Qd3 b5 25. Qc2 Bb6 26. Qd3 a6 27.
Ba3 Qxd3 28. Bxd3 Nd7 29. Kg2 Bc5 30. Bxc5 Nxc5 31. Bc2 a5 32. Kf3 Kf8 33. Ke3
Na6 34. a4 Nb4 35. Bd1 bxa4 36. bxa4 Ke7 37. Kd4 Kd7 38. Bb3 Na6 39. Bc4 c5+
40. Kc3 Nc7 41. Kd3 f6 42. exf6 gxf6 43. g4 h6 44. h4 Kd6 45. Ke3 Na8 46. g5
fxg5 47. e5+ Ke7 48. hxg5 hxg5 49. fxg5 Nb6 50. Bb3 Kf7 51. Bc2 Nd5+ 52. Kf3
Ne7 53. Bb3 Nf5 54. Kf4 Nd4 55. Bc4 Nf5 56. g6+ Kxg6 57. Bxe6 Nd4 1/2-1/2

[Event "26. Erfurter Schachfestival 2016 - HT"]
[Site "Erfurt"]
[Date "2016.12.27"]
[Round "3.4"]
[White "Blank, Stefan"]
[Black "Werner, Justus"]
[Result "1-0"]
[WhiteElo "1843"]
[BlackElo "1974"]
[PlyCount "89"]
[EventDate "2016.12.26"]
[EventCountry "GER"]

1. e4 c5 2. Nf3 d6 3. g3 Nc6 4. Bg2 g6 5. O-O Bg7 6. c3 Nf6 7. d3 O-O 8. h3 Bd7
9. Be3 Rb8 10. Kh2 b5 11. Ne1 b4 12. Nd2 Qc7 13. f4 Bc8 14. g4 Ba6 15. g5 Nd7
16. Rc1 bxc3 17. bxc3 Rb2 18. Rc2 Rfb8 19. h4 e6 20. Nb3 Rxc2 21. Qxc2 c4 22.
dxc4 Bxc4 23. Rf3 d5 24. e5 Bxb3 25. axb3 Na5 26. b4 Nc4 27. Bd4 Bf8 28. h5 a5
29. hxg6 hxg6 30. Nd3 axb4 31. cxb4 Rc8 32. Qf2 Qb8 33. Rh3 Ncb6 34. Qh4 Bg7
35. Qh7+ Kf8 36. Nf2 Rc4 37. Bc5+ Nxc5 38. bxc5 Nd7 39. Rf3 Rxc5 40. Ng4 Rc2
41. Nf6 Bxf6 42. gxf6 Ke8 43. Rh3 Qb2 44. Qg8+ Nf8 45. Qxf8+ 1-0

[Event "26. Erfurter Schachfestival 2016 - HT"]
[Site "Erfurt"]
[Date "2016.12.27"]
[Round "3.5"]
[White "Schwarz, Hilmar"]
[Black "Schmidt, Daniel (Stadtilm)"]
[Result "1-0"]
[WhiteElo "1933"]
[BlackElo "1869"]
[PlyCount "53"]
[EventDate "2016.12.26"]
[EventCountry "GER"]

1. e4 c5 2. Nf3 d6 3. d4 cxd4 4. Nxd4 Nf6 5. Bd3 a6 6. Nc3 Nc6 7. Nxc6 bxc6 8.
O-O e5 9. Qe1 Be7 10. Kh1 O-O 11. f4 Nd7 12. f5 Bg5 13. Rf3 Bxc1 14. Rxc1 Qf6
15. Qe3 Bb7 16. Bc4 Qe7 17. Rg3 Kh8 18. Rf1 Rg8 19. Rh3 Rad8 20. g4 Nf6 21. g5
d5 22. gxf6 Qxf6 23. Qb6 Rb8 24. Bd3 d4 25. Na4 c5 26. Qxf6 gxf6 27. Nb6 1-0

[Event "26. Erfurter Schachfestival 2016 - HT"]
[Site "Erfurt"]
[Date "2016.12.27"]
[Round "3.6"]
[White "Bertram, Thomas"]
[Black "Reuter, Hans-Otto"]
[Result "1/2-1/2"]
[WhiteElo "1776"]
[BlackElo "1904"]
[PlyCount "61"]
[EventDate "2016.12.26"]
[EventCountry "GER"]

1. e4 g6 2. d4 Bg7 3. c4 d6 4. Nc3 Nc6 5. Be3 e5 6. d5 Nce7 7. Bd3 f5 8. f4
fxe4 9. Bxe4 Nf5 10. Bxf5 Bxf5 11. Nf3 e4 12. Nd4 Qd7 13. Ncb5 Ne7 14. h3 h5
15. O-O a6 16. Ne6 axb5 17. Nxg7+ Kf7 18. Bd4 Rh7 19. Nxf5 gxf5 20. Bc3 bxc4
21. Qd4 b5 22. Rae1 Ng8 23. Re3 h4 24. g4 Re8 25. g5 Kg6 26. Rd1 Qc8 27. a3 Qb7
28. Bb4 Rd7 29. Be1 Qb6 30. Qxb6 cxb6 31. Bxh4 1/2-1/2

[Event "26. Erfurter Schachfestival 2016 - HT"]
[Site "Erfurt"]
[Date "2016.12.27"]
[Round "3.7"]
[White "Möller, Frank (Königsee)"]
[Black "Klinkhart, Thorbjörn"]
[Result "1/2-1/2"]
[WhiteElo "1886"]
[BlackElo "1852"]
[PlyCount "41"]
[EventDate "2016.12.26"]
[EventCountry "GER"]

1. c4 Nf6 2. Nc3 d6 3. g3 e5 4. Bg2 c6 5. e3 Be6 6. d3 Be7 7. Nge2 O-O 8. O-O
Qc8 9. Re1 h6 10. b4 Nh7 11. f4 Bg4 12. Qb3 Na6 13. a3 Rb8 14. Ne4 h5 15. Bb2
Qe6 16. N2c3 h4 17. Nf2 hxg3 18. hxg3 Nf6 19. Nce4 Nxe4 20. Nxe4 Bf5 21. Nf2
1/2-1/2

[Event "26. Erfurter Schachfestival 2016 - HT"]
[Site "Erfurt"]
[Date "2016.12.27"]
[Round "3.8"]
[White "Schmidt, Daniel (Priestewitz"]
[Black "Spitzl, Philipp"]
[Result "1-0"]
[WhiteElo "1747"]
[BlackElo "2065"]
[PlyCount "71"]
[EventDate "2016.12.26"]
[EventCountry "GER"]

1. e4 e6 2. d4 d5 3. Nc3 Bb4 4. e5 c5 5. a3 Bxc3+ 6. bxc3 Ne7 7. Nf3 Qa5 8. Bd2
Qa4 9. Bd3 Nbc6 10. Be3 c4 11. Be2 Bd7 12. O-O O-O-O 13. Qd2 h6 14. Rfb1 Nf5
15. Ne1 Qa5 16. f3 Nxe3 17. Qxe3 Rdf8 18. f4 g5 19. fxg5 hxg5 20. Nf3 Rfg8 21.
Nxg5 Rg7 22. g3 Ne7 23. Bg4 Rhg8 24. h4 Nf5 25. Bxf5 exf5 26. Rf1 Be6 27. Kg2
Qd8 28. a4 Qa5 29. Ra3 Qb6 30. Rfa1 Kc7 31. a5 Qc6 32. Ra4 Kb8 33. Rb4 Ka8 34.
Qc1 Qc7 35. Rb6 Qe7 36. Rd6 1-0